[Event "COL-ch Blitz"]
[Site "Bucaramanga"]
[Date "2024.10.27"]
[Round "1.13"]
[White "Hernandez Jimenez, Jeronimo"]
[Black "Pilonieta Forero, Andres Felipe"]
[Result "1-0"]
[WhiteElo "2130"]
[BlackElo "1678"]
[PlyCount "37"]
[EventDate "2024.10.27"]
[EventType "swiss (blitz)"]
[EventRounds "11"]
[EventCountry "COL"]
[SourceTitle "CB44_2024"]
[Source "Chessbase"]
[SourceDate "2024.10.30"]
[SourceVersion "1"]
[SourceVersionDate "2024.10.30"]
[SourceQuality "1"]

1. c4 e5 2. Nc3 Nf6 3. Nf3 Nc6 4. e4 Bc5 5. Nxe5 Nxe5 6. d4 Bd6 7. c5 Bxc5 8. dxe5 Ng8 9. Bc4 Qh4 10. g3 Qe7 11. 0-0 d6 12. Nd5 Qd8 13. Qh5 Be6 14. Bg5 Qd7 15. Rad1 c6 16. Nc7+ Kf8 17. Nxe6+ fxe6 18. Rd3 d5 19. Rf3+ 1-0

[Event "COL-ch Blitz"]
[Site "Bucaramanga"]
[Date "2024.10.27"]
[Round "4.10"]
[White "Villamil Alarcon, Hector Orlando"]
[Black "Hernandez Jimenez, Jeronimo"]
[Result "0-1"]
[WhiteElo "1889"]
[BlackElo "2130"]
[PlyCount "62"]
[EventDate "2024.10.27"]
[EventType "swiss (blitz)"]
[EventRounds "11"]
[EventCountry "COL"]
[SourceTitle "CB44_2024"]
[Source "Chessbase"]
[SourceDate "2024.10.30"]
[SourceVersion "1"]
[SourceVersionDate "2024.10.30"]
[SourceQuality "1"]

1. e4 c6 2. d4 d5 3. Nc3 dxe4 4. Nxe4 Nd7 5. Nf3 Ngf6 6. Bd3 Nxe4 7. Bxe4 Nf6 8. Bd3 Bg4 9. c3 e6 10. h3 Bh5 11. Bf4 Qd5 12. Be2 Bd6 13. Bxd6 Qxd6 14. Ne5 Bxe2 15. Qxe2 0-0 16. 0-0 Rfd8 17. Rfe1 Rac8 18. Rad1 Qd5 19. b3 Qa5 20. Rc1 Nd5 21. c4 Nf6 22. Red1 h6 23. Rc2 Qa6 24. Rcd2 Rd6 25. Qe3 Rcd8 26. a4 Qa5 27. Nf3 Qb4 28. g4 b5 29. axb5 cxb5 30. cxb5 Nd5 31. Qe5 Nc3 0-1

[Event "Titled Tuesday intern op 20th Aug Early"]
[Site "Chess.com INT"]
[Date "2024.08.20"]
[Round "1"]
[White "Andrade, Ivan"]
[Black "Hernandez Jimenez, Jeronimo"]
[Result "0-1"]
[WhiteElo "2140"]
[BlackElo "2166"]
[PlyCount "110"]
[EventDate "2024.08.20"]
[EventType "swiss (blitz)"]
[EventRounds "11"]
[EventCountry "USA"]
[SourceTitle "EXT 2025"]
[Source "ChessBase"]
[SourceDate "2024.10.14"]
[SourceVersion "1"]
[SourceVersionDate "2024.10.14"]
[SourceQuality "1"]

1. e4 c6 2. d4 d5 3. e5 Bf5 4. h4 h5 5. Bd3 Bxd3 6. Qxd3 e6 7. Bg5 Be7 8. Nf3 Bxg5 9. Nxg5 Ne7 10. Nc3 Nf5 11. g3 Nd7 12. 0-0-0 c5 13. Ne2 cxd4 14. Nf3 Qb6 15. Nexd4 Nxd4 16. Qxd4 Rc8 17. Qd2 Nc5 18. Nd4 a6 19. f3 Nd7 20. Rhe1 Rc4 21. Kb1 g6 22. c3 Kd8 23. Qg5+ Kc8 24. Qe7 Rh7 25. Ka1 Qd8 26. Qd6 Nc5 27. Qxd8+ Kxd8 28. Ne2 Nd7 29. b3 Rc6 30. f4 Rh8 31. Kb2 Ke7 32. b4 Rhc8 33. Rd3 Nb6 34. Nd4 Rc4 35. Rc1 Kd7 36. Kb3 a5 37. a3 axb4 38. axb4 Ra8 39. Rd2 Rac8 40. Rd3 Ke7 41. Ra1 Nd7 42. Ra7 b6 43. Nb5 R4c6 44. Nd6 R8c7 45. Ra8 Rxd6 46. exd6+ Kxd6 47. Rg8 Ke7 48. Ra8 Nf6 49. Ra6 Rc6 50. b5 Rd6 51. Rxb6 Rxb6 52. Kb4 Ne4 53. Ka5 Rb7 54. Ka6 Nc5+ 55. Ka5 Nxd3 0-1

[Event "Tocancipa Cundinamarca Cup"]
[Site "Tocancipa"]
[Date "2024.05.12"]
[Round "5"]
[White "Hernandez Jimenez, Jeronimo"]
[Black "Palomino Escobar, Daniel Fernando"]
[Result "1-0"]
[WhiteElo "2160"]
[BlackElo "1933"]
[PlyCount "69"]
[EventDate "2024.05.11"]
[EventType "swiss"]
[EventRounds "6"]
[EventCountry "COL"]
[SourceTitle "CBM 220 Extra"]
[Source "ChessBase"]
[SourceDate "2024.07.31"]
[SourceVersion "1"]
[SourceVersionDate "2024.07.31"]
[SourceQuality "1"]

1. c4 Nf6 2. Nc3 e6 3. e4 e5 4. Nf3 d6 5. d4 Nbd7 6. d5 a5 7. Bd3 Nc5 8. Bc2 Be7 9. h3 Nfd7 10. Be3 h6 11. a3 Bg5 12. Nxg5 hxg5 13. Qg4 f6 14. Qe2 Kf7 15. Kd2 Na6 16. b4 b6 17. Rab1 Qe7 18. Ba4 Nf8 19. Bc6 Rb8 20. bxa5 bxa5 21. Rxb8 Nxb8 22. Rb1 Nxc6 23. dxc6 Qe8 24. Qd3 Be6 25. c5 Qxc6 26. Qb5 Qa8 27. c6 Ng6 28. Qb7 Ne7 29. Nb5 a4 30. Qxc7 Qd8 31. Qxd8 Rxd8 32. Bb6 Nxc6 33. Bxd8 Nxd8 34. Nxd6+ Kg6 35. Rb6 1-0

[Event "Titled Tuesday intern op 26th Mar Early"]
[Site "Chess.com INT"]
[Date "2024.03.26"]
[Round "2"]
[White "Hernandez Jimenez, Jeronimo"]
[Black "Lin, Dachey"]
[Result "0-1"]
[WhiteElo "2160"]
[BlackElo "2303"]
[PlyCount "84"]
[EventDate "2024.03.26"]
[EventType "swiss (blitz)"]
[EventRounds "11"]
[EventCountry "USA"]
[SourceTitle "EXT 2025"]
[Source "ChessBase"]
[SourceDate "2024.10.14"]
[SourceVersion "1"]
[SourceVersionDate "2024.10.14"]
[SourceQuality "1"]

1. c4 b6 2. d4 Bb7 3. Nc3 e6 4. a3 f5 5. Nf3 Nf6 6. g3 g6 7. Bg2 Bg7 8. 0-0 0-0 9. d5 Na6 10. Nd4 e5 11. Nc2 d6 12. b4 e4 13. Be3 Ng4 14. Bd4 Ne5 15. Ne3 Qe7 16. f3 exf3 17. exf3 f4 18. gxf4 Rxf4 19. Ne2 Rh4 20. Qd2 Rf8 21. Rae1 Nb8 22. f4 Ng4 23. Ng3 Bxd4 24. Qxd4 Qf6 25. Qxf6 Nxf6 26. f5 Nbd7 27. fxg6 hxg6 28. Nc2 Ne5 29. c5 bxc5 30. bxc5 Bxd5 31. cxd6 cxd6 32. Ne3 Bxg2 33. Nxg2 Rh7 34. Rd1 Nfg4 35. Rxd6 Nf3+ 36. Rxf3 Rxf3 37. Rxg6+ Rg7 38. Rxg7+ Kxg7 39. Nh5+ Kh6 40. Ng3 Rxa3 41. Nf5+ Kg5 42. Nd6 Ra1+ 0-1

[Event "Titled Tuesday intern op 19th Mar Early"]
[Site "Chess.com INT"]
[Date "2024.03.19"]
[Round "3"]
[White "Hernandez Jimenez, Jeronimo"]
[Black "Fromm, Marius"]
[Result "0-1"]
[WhiteElo "2160"]
[BlackElo "2445"]
[PlyCount "42"]
[EventDate "2024.03.19"]
[EventType "swiss (blitz)"]
[EventRounds "11"]
[EventCountry "USA"]
[SourceTitle "EXT 2025"]
[Source "ChessBase"]
[SourceDate "2024.10.14"]
[SourceVersion "1"]
[SourceVersionDate "2024.10.14"]
[SourceQuality "1"]

1. c4 e5 2. Nc3 Nf6 3. Nf3 Nc6 4. e4 Bb4 5. d3 d6 6. a3 Bxc3+ 7. bxc3 Nd7 8. g3 Nc5 9. Bg2 f5 10. Ng5 0-0 11. exf5 Bxf5 12. Ne4 Nxe4 13. dxe4 Be6 14. Qe2 Na5 15. c5 Bc4 16. Qe3 Nb3 17. Rb1 Nxc5 18. Bf1 Bxf1 19. Kxf1 Qd7 20. Kg2 Qa4 21. f3 Qc2+ 0-1

[Event "Titled Tuesday intern op 19th Mar Early"]
[Site "Chess.com INT"]
[Date "2024.03.19"]
[Round "1"]
[White "Klukin, Kirill"]
[Black "Hernandez Jimenez, Jeronimo"]
[Result "1-0"]
[WhiteElo "2389"]
[BlackElo "2160"]
[PlyCount "135"]
[EventDate "2024.03.19"]
[EventType "swiss (blitz)"]
[EventRounds "11"]
[EventCountry "USA"]
[SourceTitle "EXT 2025"]
[Source "ChessBase"]
[SourceDate "2024.10.14"]
[SourceVersion "1"]
[SourceVersionDate "2024.10.14"]
[SourceQuality "1"]

1. Nf3 Nf6 2. e3 d5 3. c4 e6 4. b3 Be7 5. Bb2 0-0 6. Nc3 c5 7. cxd5 exd5 8. d4 Nc6 9. Be2 Bg4 10. dxc5 Bxc5 11. 0-0 Be6 12. Rc1 a6 13. Nxd5 Nxd5 14. Rxc5 Nde7 15. Nd4 Nxd4 16. Bxd4 Nc6 17. Bb2 Qb6 18. Qc1 Rac8 19. Bf3 Nb4 20. Rxc8 Rxc8 21. Qa1 Nc2 22. Qb1 Nb4 23. Bd4 Qa5 24. a4 b5 25. axb5 axb5 26. Rc1 Rxc1+ 27. Qxc1 Nd3 28. Qf1 Qd2 29. Be2 Nc1 30. Bxb5 Nxb3 31. Be5 Qd5 32. Bg3 Nd2 33. Qd3 Ne4 34. Qxd5 Bxd5 35. Be5 f6 36. Bd4 Nd6 37. Bd3 Be4 38. Be2 Bd5 39. Bc5 Ne4 40. Bb4 Ng5 41. f3 Nf7 42. Kf2 Ne5 43. Bc3 Nf7 44. e4 Be6 45. Ke3 Nd6 46. Bb4 Nf7 47. f4 Ba2 48. g4 h6 49. Be7 Be6 50. h4 Bd7 51. g5 hxg5 52. hxg5 fxg5 53. fxg5 Ne5 54. Bd6 Nc6 55. Bc4+ Kh7 56. Kf4 Nd8 57. Be7 Be6 58. Bb5 Nf7 59. Bb4 Kg6 60. Be8 Kh7 61. Bc3 Nd6 62. Ke5 Nxe8 63. Kxe6 Kg6 64. Bd2 Nc7+ 65. Kd7 Nb5 66. e5 Nd4 67. e6 Kf5 68. e7 1-0

[Event "Titled Tuesday intern op 27th Feb Early"]
[Site "Chess.com INT"]
[Date "2024.02.27"]
[Round "5"]
[White "Krallis, Christos"]
[Black "Hernandez Jimenez, Jeronimo"]
[Result "0-1"]
[WhiteElo "2335"]
[BlackElo "2160"]
[PlyCount "82"]
[EventDate "2024.02.27"]
[EventType "swiss (blitz)"]
[EventRounds "11"]
[EventCountry "USA"]
[SourceTitle "EXT 2025"]
[Source "ChessBase"]
[SourceDate "2024.10.14"]
[SourceVersion "1"]
[SourceVersionDate "2024.10.14"]
[SourceQuality "1"]

1. d4 Nf6 2. c4 e6 3. g3 d5 4. Bg2 Be7 5. Nf3 dxc4 6. 0-0 Nc6 7. Na3 Bxa3 8. bxa3 0-0 9. a4 a6 10. Ba3 Re8 11. Rc1 b5 12. Ne5 Nxe5 13. Bxa8 Ng6 14. Bg2 Bd7 15. e4 e5 16. d5 Qb8 17. axb5 axb5 18. Bb4 c6 19. dxc6 Bxc6 20. Qc2 Qb6 21. h3 Ra8 22. a3 Nd7 23. Kh2 Nc5 24. Rfd1 Nb3 25. Rb1 Nd4 26. Qd2 Qb7 27. Qe3 f5 28. Bc3 f4 29. gxf4 Nxf4 30. Bxd4 Nxg2 31. Qg5 exd4 32. Rxd4 Bxe4 33. Rbd1 Qc7+ 34. Kg1 Nf4 35. Rd8+ Rxd8 36. Qxd8+ Qxd8 37. Rxd8+ Kf7 38. f3 Bd3 39. Kf2 c3 40. Rc8 c2 41. Ke3 Ne2 0-1

[Event "Titled Tuesday intern op 27th Feb Early"]
[Site "Chess.com INT"]
[Date "2024.02.27"]
[Round "4"]
[White "Matinian, Nikita"]
[Black "Hernandez Jimenez, Jeronimo"]
[Result "1/2-1/2"]
[WhiteElo "2418"]
[BlackElo "2160"]
[PlyCount "120"]
[EventDate "2024.02.27"]
[EventType "swiss (blitz)"]
[EventRounds "11"]
[EventCountry "USA"]
[SourceTitle "EXT 2025"]
[Source "ChessBase"]
[SourceDate "2024.10.14"]
[SourceVersion "1"]
[SourceVersionDate "2024.10.14"]
[SourceQuality "1"]

1. e4 c6 2. d4 d5 3. e5 Bf5 4. Nf3 e6 5. Be2 Nd7 6. 0-0 Ne7 7. Nbd2 h6 8. Nb3 c5 9. c4 dxc4 10. Bxc4 Nc6 11. d5 Nb6 12. dxc6 Nxc4 13. cxb7 Rb8 14. Qxd8+ Kxd8 15. Rd1+ Kc7 16. Bd2 Nxb2 17. Ba5+ Kxb7 18. Rd7+ Ka6 19. Rxf7 c4 20. Bc3 Na4 21. Bd4 Nb6 22. Nbd2 g5 23. Bxb6 axb6 24. Nxc4 Bc5 25. Nd6 Rhf8 26. Rxf8 Rxf8 27. Nxf5 Rxf5 28. h3 h5 29. Rf1 g4 30. hxg4 hxg4 31. Nh4 Rxe5 32. Kh2 Bd6 33. g3 Re2 34. a4 Bc5 35. Kg2 Ka5 36. Ng6 Kxa4 37. Nf4 Ra2 38. Nxe6 Kb5 39. Ng5 Kc6 40. Ne4 Re2 41. Nxc5 bxc5 42. Rc1 Rd2 43. Rc4 Rd4 44. Rc2 Kd5 45. f3 gxf3+ 46. Kxf3 c4 47. g4 Rd1 48. g5 Rg1 49. Kf4 Kd4 50. Rd2+ Kc3 51. Rd6 Kc2 52. g6 c3 53. Kf5 Kc1 54. Kf6 c2 55. g7 Rxg7 56. Kxg7 Kb1 57. Rb6+ Ka2 58. Rc6 Kb1 59. Kf6 c1Q 60. Rxc1+ Kxc1 1/2-1/2

[Event "Titled Tuesday intern op 27th Feb Early"]
[Site "Chess.com INT"]
[Date "2024.02.27"]
[Round "2"]
[White "Mitusov, Semen"]
[Black "Hernandez Jimenez, Jeronimo"]
[Result "1-0"]
[WhiteElo "2487"]
[BlackElo "2160"]
[PlyCount "109"]
[EventDate "2024.02.27"]
[EventType "swiss (blitz)"]
[EventRounds "11"]
[EventCountry "USA"]
[SourceTitle "EXT 2025"]
[Source "ChessBase"]
[SourceDate "2024.10.14"]
[SourceVersion "1"]
[SourceVersionDate "2024.10.14"]
[SourceQuality "1"]

1. e4 c6 2. d4 d5 3. Nc3 dxe4 4. Nxe4 Nd7 5. Nf3 Ngf6 6. Nc3 e6 7. Bf4 Bb4 8. Bd3 Nd5 9. Bd2 N7f6 10. Ne4 Nxe4 11. Bxe4 Bxd2+ 12. Qxd2 0-0 13. 0-0-0 Qf6 14. Kb1 b6 15. Ne5 c5 16. Ng4 Qxd4 17. Qxd4 cxd4 18. Rxd4 f5 19. Bxd5 exd5 20. Ne3 Bb7 21. Nxd5 Rad8 22. Rhd1 Bxd5 23. Rxd5 Rxd5 24. Rxd5 Re8 25. Kc1 g6 26. Kd2 Re6 27. Rd7 a5 28. a4 Re4 29. b3 Re6 30. Kd3 h5 31. h4 Kf8 32. g3 Ke8 33. Rb7 Rd6+ 34. Kc4 Rd2 35. c3 Rxf2 36. Rxb6 Kf7 37. b4 f4 38. gxf4 Rxf4+ 39. Kb5 axb4 40. cxb4 Rxh4 41. a5 Re4 42. a6 Re5+ 43. Kc6 Re6+ 44. Kc5 Re5+ 45. Kd4 Re2 46. Rb5 Ra2 47. Ra5 Rd2+ 48. Ke3 Rd8 49. a7 Ra8 50. b5 h4 51. Kf3 h3 52. Kg3 g5 53. b6 g4 54. b7 Re8 55. b8Q 1-0

[Event "Soacha Ventura op"]
[Site "Soacha"]
[Date "2023.12.12"]
[Round "10"]
[White "Hernandez Jimenez, Jeronimo"]
[Black "Soriano Quispe, Ivan Excender"]
[Result "1/2-1/2"]
[WhiteElo "2187"]
[BlackElo "2237"]
[PlyCount "32"]
[EventDate "2023.12.08"]
[EventType "swiss"]
[EventRounds "10"]
[EventCountry "COL"]
[SourceTitle "EXT 2025"]
[Source "ChessBase"]
[SourceDate "2024.10.14"]
[SourceVersion "1"]
[SourceVersionDate "2024.10.14"]
[SourceQuality "1"]

1. e4 e5 2. Nf3 Nc6 3. c4 Bc5 4. Nc3 d6 5. a3 a5 6. Be2 Nf6 7. 0-0 Bg4 8. d3 h6 9. h3 Bxf3 10. Bxf3 Nd4 11. Rb1 0-0 12. Be3 Qd7 13. b4 axb4 14. axb4 Nxf3+ 15. Qxf3 Bxe3 16. Qxe3 Ra3 1/2-1/2

[Event "Soacha Ventura op"]
[Site "Soacha"]
[Date "2023.12.11"]
[Round "8"]
[White "Mena Cordoba, Yamil Octavio"]
[Black "Hernandez Jimenez, Jeronimo"]
[Result "0-1"]
[WhiteElo "1830"]
[BlackElo "2187"]
[PlyCount "104"]
[EventDate "2023.12.08"]
[EventType "swiss"]
[EventRounds "10"]
[EventCountry "COL"]
[SourceTitle "EXT 2025"]
[Source "ChessBase"]
[SourceDate "2024.10.14"]
[SourceVersion "1"]
[SourceVersionDate "2024.10.14"]
[SourceQuality "1"]

1. e4 e5 2. Nf3 Nc6 3. Bc4 Bc5 4. d4 Nxd4 5. Nxe5 Qe7 6. Nd3 Qxe4+ 7. Kf1 d6 8. Nc3 Qf5 9. Nd5 Bb6 10. Be3 Ne6 11. Bxb6 axb6 12. N3f4 Kd8 13. Ne2 Nf6 14. Ne3 Qe5 15. Bb3 b5 16. c3 Bd7 17. Nd4 Bc6 18. Nxc6+ bxc6 19. Qf3 Qe4 20. Qd1 d5 21. Bc2 Qe5 22. h4 Kc8 23. Rh3 Rd8 24. Qf3 Kb7 25. Ng4 Nxg4 26. Qxg4 d4 27. Rf3 d3 28. Bxd3 Ra4 29. Qg3 Qh5 30. b4 Qd5 31. Bc2 Rxa2 32. Rxa2 Qxa2 33. Bd3 Qa1+ 34. Ke2 Qb2+ 35. Kf1 Qc1+ 36. Ke2 Qxc3 37. Re3 Qc1 38. Rxe6 fxe6 39. Qxg7 h6 40. g3 Rd5 41. Qh7 Rd4 42. Kf3 Qd1+ 43. Be2 Qh1+ 44. Ke3 Rxb4 45. Qc2 Qd5 46. f4 Qg2 47. Qg6 Qg1+ 48. Kf3 Rb3+ 49. Bd3 h5 50. Qh7 Qf1+ 51. Ke3 Qe1+ 52. Kf3 Qd2 0-1

[Event "Soacha Ventura op"]
[Site "Soacha"]
[Date "2023.12.10"]
[Round "6"]
[White "Ynojosa Aponte, Felix Jose"]
[Black "Hernandez Jimenez, Jeronimo"]
[Result "1-0"]
[WhiteElo "2405"]
[BlackElo "2187"]
[PlyCount "45"]
[EventDate "2023.12.08"]
[EventType "swiss"]
[EventRounds "10"]
[EventCountry "COL"]
[SourceTitle "EXT 2025"]
[Source "ChessBase"]
[SourceDate "2024.10.14"]
[SourceVersion "1"]
[SourceVersionDate "2024.10.14"]
[SourceQuality "1"]

1. c4 e5 2. Nc3 Nc6 3. e3 Nf6 4. Nf3 Bb4 5. Qc2 Bxc3 6. Qxc3 d6 7. b4 0-0 8. Bb2 a5 9. b5 Ne7 10. d4 e4 11. Nd2 Bf5 12. d5 c6 13. g4 Bg6 14. h4 h5 15. bxc6 bxc6 16. Be2 cxd5 17. gxh5 Bxh5 18. Rg1 Ng6 19. Rg5 Bxe2 20. Kxe2 Rc8 21. Rag1 Ne8 22. Qd4 Ne5 23. Qxd5 1-0

[Event "Soacha Ventura op"]
[Site "Soacha"]
[Date "2023.12.09"]
[Round "4"]
[White "Gomez Guevara, Jorge Leonardo"]
[Black "Hernandez Jimenez, Jeronimo"]
[Result "0-1"]
[WhiteElo "1817"]
[BlackElo "2187"]
[PlyCount "86"]
[EventDate "2023.12.08"]
[EventType "swiss"]
[EventRounds "10"]
[EventCountry "COL"]
[SourceTitle "EXT 2025"]
[Source "ChessBase"]
[SourceDate "2024.10.14"]
[SourceVersion "1"]
[SourceVersionDate "2024.10.14"]
[SourceQuality "1"]

1. e4 e5 2. Nf3 Nc6 3. Bb5 a6 4. Ba4 Nf6 5. 0-0 b5 6. Bb3 Be7 7. Re1 0-0 8. h3 d6 9. c3 Nb8 10. d4 Nbd7 11. Nbd2 c5 12. Nf1 Bb7 13. Bc2 Re8 14. d5 Bf8 15. Ng3 g6 16. a4 c4 17. b3 cxb3 18. Bxb3 Qc7 19. Bb2 Nc5 20. axb5 axb5 21. Rc1 Bh6 22. Ra1 Nfd7 23. Ba3 Nb6 24. Bb4 Nca4 25. Qd3 Nc5 26. Qc2 Rec8 27. Ne2 Na6 28. Qd3 Nc5 29. Qc2 Nxb3 30. Qxb3 Ra4 31. Ba5 Qc4 32. Qxc4 Nxc4 33. Rxa4 bxa4 34. Bb4 a3 35. g4 f5 36. g5 fxe4 37. gxh6 exf3 38. Nc1 Bxd5 39. Rd1 Be6 40. Kf1 d5 41. Nd3 Nb2 42. Ra1 Nxd3 43. Rxa3 Nxb4 0-1

[Event "Titled Tuesday intern op 05th Dec Late"]
[Site "Chess.com INT"]
[Date "2023.12.05"]
[Round "4"]
[White "Papasimakopoulos, Alexandros"]
[Black "Hernandez Jimenez, Jeronimo"]
[Result "1-0"]
[WhiteElo "2392"]
[BlackElo "2187"]
[PlyCount "85"]
[EventDate "2023.12.05"]
[EventType "swiss (blitz)"]
[EventRounds "11"]
[EventCountry "USA"]
[SourceTitle "EXT 2025"]
[Source "ChessBase"]
[SourceDate "2024.10.14"]
[SourceVersion "1"]
[SourceVersionDate "2024.10.14"]
[SourceQuality "1"]

1. d4 d6 2. Nf3 Nf6 3. c4 g6 4. Nc3 Bg7 5. Bg5 0-0 6. e3 c6 7. Be2 d5 8. 0-0 h6 9. Bh4 g5 10. Bg3 Bf5 11. Qb3 Qb6 12. Rfc1 Qxb3 13. axb3 a6 14. Ne5 Nbd7 15. Nxd7 Bxd7 16. Na4 Be6 17. Nb6 Rad8 18. Be5 Nd7 19. Bxg7 Kxg7 20. cxd5 Nxb6 21. dxe6 fxe6 22. Rc5 Rf5 23. b4 Rdf8 24. f3 g4 25. Kf2 gxf3 26. gxf3 Nd7 27. Rca5 Nf6 28. Rg1+ Kh8 29. Bd3 Rh5 30. Rxh5 Nxh5 31. Rg6 Rf6 32. Rg1 Ng7 33. f4 Ne8 34. Kf3 Nc7 35. Bc4 b5 36. Bb3 Rf8 37. e4 Rg8 38. Rxg8+ Kxg8 39. f5 Kf7 40. Kf4 Kf6 41. e5+ Kf7 42. fxe6+ Nxe6+ 43. Kf5 1-0

[Event "Titled Tuesday intern op 05th Dec Late"]
[Site "Chess.com INT"]
[Date "2023.12.05"]
[Round "1"]
[White "Urazayev, Arystanbek"]
[Black "Hernandez Jimenez, Jeronimo"]
[Result "1-0"]
[WhiteElo "2472"]
[BlackElo "2187"]
[PlyCount "57"]
[EventDate "2023.12.05"]
[EventType "swiss (blitz)"]
[EventRounds "11"]
[EventCountry "USA"]
[SourceTitle "EXT 2025"]
[Source "ChessBase"]
[SourceDate "2024.10.14"]
[SourceVersion "1"]
[SourceVersionDate "2024.10.14"]
[SourceQuality "1"]

1. d4 d6 2. Nf3 Nf6 3. g3 g6 4. Bg2 Bg7 5. 0-0 0-0 6. b3 Nc6 7. Bb2 e5 8. dxe5 Ne4 9. c4 dxe5 10. Qc1 Nd6 11. Nc3 Nf5 12. Rd1 Nfd4 13. e3 Nxf3+ 14. Bxf3 Qf6 15. Bg2 Be6 16. Nd5 Bxd5 17. cxd5 Nb4 18. Qxc7 Rac8 19. Qxb7 Rc2 20. Rf1 Nd3 21. Ba3 Rd8 22. Be7 Qf5 23. Bxd8 Rxf2 24. d6 e4 25. Be7 h5 26. Qxe4 Bxa1 27. Qxf5 Rxf5 28. Rxf5 gxf5 29. d7 1-0